| Tag |
First Indicator |
Second Indicator |
Subfields |
| LEADER |
00000cam a2200000Ia 4500 |
| 001 |
in00003534321 |
| 005 |
20151105210448.0 |
| 008 |
141115s2015 enkab b 001 0 eng d |
| 015 |
|
|
|a GBB4D0509
|2 bnb
|
| 016 |
7 |
|
|a 016946934
|2 Uk
|
| 020 |
|
|
|a 9781443868136
|
| 020 |
|
|
|a 1443868132
|
| 035 |
|
|
|a (OCoLC)ocn895730540
|
| 035 |
|
|
|a (OCoLC)895730540
|
| 040 |
|
|
|a BTCTA
|b eng
|c BTCTA
|d UKMGB
|d YDXCP
|d CLU
|d UtOrBLW
|
| 043 |
|
|
|a e-uk-st
|a e-uk-en
|
| 049 |
|
|
|a TXAM
|
| 050 |
|
4 |
|a DA880.S7
|b S36 2015
|
| 082 |
0 |
4 |
|a 916.3/37
|2 23
|
| 100 |
1 |
|
|a Scott, Allen John.
|
| 245 |
1 |
0 |
|a Solway Country :
|b Land, Life and Livelihood in the western border region of England and Scotland /
|c by Allen J. Scott.
|
| 264 |
|
1 |
|a Newcastle upon Tyne, UK :
|b Cambridge Scholars Publishing,
|c 2015.
|
| 300 |
|
|
|a xv, 177 pages :
|b illustrations, maps ;
|c 21 cm.
|
| 336 |
|
|
|a text
|b txt
|2 rdacontent
|
| 337 |
|
|
|a unmediated
|b n
|2 rdamedia
|
| 338 |
|
|
|a volume
|b nc
|2 rdacarrier
|
| 504 |
|
|
|a Includes bibliographical references and index.
|
| 651 |
|
0 |
|a Solway Firth Region (England and Scotland)
|x History.
|
| 651 |
|
0 |
|a Solway Firth Region (England and Scotland)
|x Economic conditions.
|
| 938 |
|
|
|a Baker and Taylor
|b BTCP
|n BK0016052340
|
| 938 |
|
|
|a YBP Library Services
|b YANK
|n 100609906
|
| 947 |
|
|
|a A14842987878
|
| 945 |
|
|
|a PromptCat
|b 210036
|
| 946 |
|
|
|a stk
|
| 994 |
|
|
|a 92
|b TXA
|
| 948 |
|
|
|a Cataloged
|b h
|c 2015/6/3
|d c
|e AReeder
|
| 999 |
|
|
|a MARS
|
| 999 |
f |
f |
|s 48541991-5879-3f35-85ec-fbfca072e858
|i ef2705d1-4321-331a-a6c6-c7e42f5926f7
|t 0
|
| 952 |
f |
f |
|p normal
|a Texas A&M University
|b College Station
|c Sterling C. Evans Library
|d Evans: Library Stacks
|t 0
|e DA880.S7 S36 2015
|h Library of Congress classification
|i unmediated -- volume
|m A14842987878
|
| 998 |
f |
f |
|a DA880.S7 S36 2015
|t 0
|l Evans: Library Stacks
|